Регионална библиотека "Любен Каравелов" - Русе

Какво би станало, ако ... (Запис номер 383312)

MARC детайли
000 -Лидер
Контролно поле с фиксирана дължина nam a22 a 4500
003 - Код на организацията, давaща контролен номер
Контролно поле BLK
005 - Дата и час на последна редакция
Контролно поле 20200819132729.0
008 - Елементи от данни с фиксирана дължина
fixed length control field 180411b bul|||||r ||||||| ||bul||
010 ## - Наследен системен номер
LC control number KNG00177362000
020 ## - Международен стандартен номер на книга ISBN
Международен стандартен номер на книга ISBN 9789540748658
040 ## - Източник на каталожния запис
Идентификатор на билиотеката - собственик на записа BLK
041 ## - Код за език
Код за езика на текст/звукозапис или на отделно заглавие Български
Код за езика КДБФ Български
080 ## - УДК
Текстов определител УДК Методи и процедури на обучение. Форми на преподаване и обучение
УДК код - определител по УДК 37.091.3
УДК определител :792
УДК - код + определител 37.091.3:792
100 ## - Редна дума - Автор
Автор Кулева, Ася Иванова
Авторска отговорност първи автор
R(LIN) 331657
139 ## - Редно поле
Редна дума Кулева, Ася Иванова
Авторски знак Ку - К 93
245 10 - Сведения за заглавието
Заглавие Какво би станало, ако ...
Редно поле (дума) Ася Кулева.
Подзаглавни данни Драма-педагогика и театрална педагогика
257 ## - Страна на издаване
Страна на създаване/издаване България
260 ## - Област на издателските данни
Име на издателя, разпространителя и проч. Унив. изд. Св. Климент Охридски
Година на издаване 2020
Място на издаване, разпространение и проч. София
300 ## - Физическа характеристика
Страници 399 с.
Илюстрации и др. с ил.
Размери/Мащаб 21 см
380 ## - Жанр
Жанр Обществени науки
500 ## - Общи забележки
Забележка Биогр. данни за авт. отбелязани на гърба на кор.; <br/>Текст и на нем. ез.
504 ## - Забележка за наличие на библиография и др
Забележка за наличие на библиография и под. с. 375-393
650 #0 - Допълнително описание по предмет – тема
Основно описание – тема или топоним Педагогика, театрална
9 (RLIN) 428853
653 #0 - Ключова дума – ненормативна
Ключова дума драма-педагогика
9 (RLIN) 428854
653 #0 - Ключова дума – ненормативна
Ключова дума театрална педагогика
9 (RLIN) 428855
659 ## - Тематичен бюлетин
Тематичен бюлетин Н
856 4# - Електронен адрес и достъп
Електронен формат pdf - файл
856 4# - Електронен адрес и достъп
Електронен формат pdf - файл
999 ## - СИСТЕМНИ КОНТРОЛНИ НОМЕРА
Koha biblionumber 383312
Koha biblioitemnumber 383312
942 ## - АРТИКУЛИ
Вид на библиотечния материал Книги
Скрит в OPAC Не
Koha issues (borrowed), all copies 1
Периодичен библиозапис Да
944 ## - СЪЗДАВАНЕ И РЕДАКЦИЯ на ЗАПИСА
Създаване/Редакция Създаване
Дата на регистрацията/редакция 29.06.2015
Служител, извършил регистрацията/редакцията ТД
944 ## - СЪЗДАВАНЕ И РЕДАКЦИЯ на ЗАПИСА
Създаване/Редакция Редакция
Дата на регистрацията/редакция 30.05.2016
Служител, извършил регистрацията/редакцията Пенка_Димитрова
999 ## - СИСТЕМНИ КОНТРОЛНИ НОМЕРА
Koha biblioitemnumber 383312
999 ## - СИСТЕМНИ КОНТРОЛНИ НОМЕРА
Koha biblioitemnumber 383312
999 ## - СИСТЕМНИ КОНТРОЛНИ НОМЕРА
Koha biblioitemnumber 169355
Наличности
Код за отписване Код за изгубен артикул Източник на класификационната схема Код за повреда Коз за рестрикции Код за отдаване Артикулен № Име на библиотеката - собственик Име на библиотеката, в която се намира в момента Статус (Текущо местоположение) Дата на вписване в системата Местоположение - отдел Цена в лева Систематично азбучна сигнатура Баркод Цена в евро Служебен тип на артикула Инвентарен номер
  Не е изгубен Universal Decimal Classification Не е повреден без рестрикции заемане за дома 792625 Регионална библиотека "Любен Каравелов" Русе Регионална библиотека "Любен Каравелов" Русе Заемна - подръчен фонд 2020-08-20 Заемна - подръчен фонд 14.00 37/К93А 120000845736 7.16 Книги  
  Не е изгубен Universal Decimal Classification Не е повреден само за читалня ползва се в читалня 928825 Регионална библиотека "Любен Каравелов" Русе Регионална библиотека "Любен Каравелов" Русе Хранилище 2023-05-19 Основен фонд - ползва се само за читалня 20.00 Цб 318112 120000888020 10.23 Книги 120000888020
Vip Innovations Ltd, Rousse, Bulgaria 2025